Access EPA.
Guardado en:
| Autores Corporativos: | , , |
|---|---|
| Formato: | Libro |
| Idioma: | English |
| Publicado: |
Washington, DC :
Information Access Branch, Information Management and Services Division, U.S. Environmental Protection Agency,
1992.
|
| Materias: | |
| Etiquetas: |
Agregar Etiqueta
Sin Etiquetas, Sea el primero en etiquetar este registro!
|
| LEADER | 00947nam a22002295a 4500 | ||
|---|---|---|---|
| 001 | EIQ.libpla001770 | ||
| 008 | 061221s1992####dcu###########001#0#eng#d | ||
| 005 | 20071217161521.0 | ||
| 245 | 1 | 0 | |a Access EPA. |
| 260 | |a Washington, DC : |b Information Access Branch, Information Management and Services Division, U.S. Environmental Protection Agency, |c 1992. | ||
| 300 | |a v. ; |c 23 cm. | ||
| 500 | |a Incluye índice. | ||
| 020 | |a 016037989x | ||
| 710 | 1 | |a United States. |b Environmental Protection Agency. |b Information Access Branch. | |
| 710 | 1 | |a United States. |b Environmental Protection Agency. |b Office of Information Resources Management. | |
| 650 | 4 | |a Bibliotecas |v Directorios. | |
| 650 | 4 | |a Bibliotecas |z Estados Unidos. | |
| 650 | 4 | |a Libraries |z United States. | |
| 650 | 4 | |a Libraries |v Directories. | |
| 040 | |a AR-BbSID |b spa |c AR-BbSID | ||
| 110 | 2 | |a United States. |b Environmental Protection Agency. | |
| 859 | |a AR-BbSID |b BIB. PLAPIQUI |h 628.168 |i Un 3 |k R |p 3993 | ||
